| 000 | 00465nam a22001937a 4500 | ||
|---|---|---|---|
| 003 | MPLRDC | ||
| 005 | 20220104143530.0 | ||
| 008 | 210129b ||||| |||| 00| 0 eng d | ||
| 020 | _a957-607-465-7 | ||
| 082 | _a830.8 YSCS v.296 | ||
| 100 | _a光禹 | ||
| 245 |
_a给最初的爱 _c |
||
| 250 | _a初版 | ||
| 260 |
_a _b圆神出版社 _c2000 |
||
| 300 | _b平 | ||
| 490 | _a圆神丛书. 296 | ||
| 650 | _a中国文学总集 | ||
| 942 |
_cBK _o830.8 YSCS v.296 |
||
| 999 |
_c40835 _d40825 |
||